Library Banner

Historians, economists, and economic history (Record no. 14643)

MARC details
000 -LEADER
fixed length control field 00400nam a2200169Ia 4500
001 - CONTROL NUMBER
control field 14013
008 - FIXED-LENGTH DATA ELEMENTS--GENERAL INFORMATION
fixed length control field 140402s9999 xx 000 0 und d
020 ## - INTERNATIONAL STANDARD BOOK NUMBER
International Standard Book Number 0-415-06290-X
040 ## - CATALOGING SOURCE
Transcribing agency PK-LaUMT
082 ## - DEWEY DECIMAL CLASSIFICATION NUMBER
Classification number 330.0941
Item number KAD-H
100 ## - MAIN ENTRY--PERSONAL NAME
Personal name Kadish, Alon
245 ## - TITLE STATEMENT
Title Historians, economists, and economic history
Statement of responsibility, etc Kadish, Alon
260 ## - PUBLICATION, DISTRIBUTION, ETC. (IMPRINT)
Date of publication, distribution, etc 1989
300 ## - PHYSICAL DESCRIPTION
Extent 297 p.
546 ## - LANGUAGE NOTE
Language note EN
942 ## - ADDED ENTRY ELEMENTS (KOHA)
Koha item type Books
Holdings
Withdrawn status Lost status Damaged status Not for loan Home library Current library Date acquired Total Checkouts Full call number Barcode Date last seen Price effective from Koha item type
        UMT Main Campus UMT Main Campus 2014-04-02   330.0941 KAD-H 15609 2014-04-21 2014-04-21 Books